Pokémon- Groupes de Pokémon et de choses - Statistiques

Statistiques générales
  • Ce quiz a été pris 67 fois
    66 depuis la dernière actualisation
  • Le résultat moyen est 159 sur 344
Statistiques - réponses
Groupe Pokémon membres % Correct
Balls apparues dans les jeux principaux Hyper Ball
95%
Balls apparues dans les jeux principaux Poké Ball
95%
Balls apparues dans les jeux principaux Super Ball
95%
Balls apparues dans les jeux principaux Master Ball
93%
Types de Pokémon Eau
86%
Types de Pokémon Feu
86%
Types de Pokémon Plante
86%
Capacités ayant été des CS | Types de Pokémon Vol
86%
Gardiens des Lacs Créfadet
83%
Gardiens des Lacs Créfollet
83%
Fauves légendaires Entei
83%
Membres du Pokégroupe dans l'anime Pokémon Pierre
83%
Fauves légendaires Raikou
83%
Types de Pokémon Sol
83%
Fauves légendaires Suicune
83%
Starters Bulbizarre
81%
Starters Carapuce
81%
Types de Pokémon Combat
81%
Gardiens des Lacs Créhelf
81%
Types de Pokémon Fée
81%
Balls apparues dans les jeux principaux Filet Ball
81%
Membres du Pokégroupe dans l'anime Pokémon Ondine
81%
Types de Pokémon Poison
81%
Starters Poussifeu
81%
Starters Salamèche
81%
Balls apparues dans les jeux principaux Sombre Ball
81%
Types de Pokémon Spectre
81%
Evolutions d'Evoli Aquali
79%
Oiseaux légendaires Artikodin
79%
Lames de la Justice Cobaltium
79%
Types de Pokémon Dragon
79%
Oiseaux légendaires Electhor
79%
Evolutions d'Evoli Givrali
79%
Starters Héricendre
79%
Régions des jeux principaux Johto
79%
Starters Kaiminus
79%
Régions des jeux principaux Kanto
79%
Evolutions d'Evoli Mentali
79%
Evolutions d'Evoli Noctali
79%
Types de Pokémon Normal
79%
Evolutions d'Evoli Nymphali
79%
Starters Ouisticram
79%
Evolutions d'Evoli Phyllali
79%
Types de Pokémon Psy
79%
Evolutions d'Evoli Pyroli
79%
Pokémon Gardiens/Golems Regice
79%
Pokémon Gardiens/Golems Registeel
79%
Oiseaux légendaires Sulfura
79%
Teams des jeux principaux Team Rocket
79%
Lames de la Justice Terrakium
79%
Starters Tiplouf
79%
Lames de la Justice Viridium
79%
Evolutions d'Evoli Voltali
79%
Trio de la vie/Trio XYZ Xerneas
79%
Trio de la vie/Trio XYZ Yveltal
79%
Trio de la vie/Trio XYZ Zygarde
79%
Starters Arcko
76%
Capacités ayant été des CS Coupe
76%
Types de Pokémon Electrik
76%
Starters Germignon
76%
Starters Gobou
76%
Starters Gruikui
76%
Types de Pokémon Insecte
76%
Balls apparues dans les jeux principaux Love Ball
76%
Types de Pokémon Roche
76%
Types de Pokémon Ténèbres
76%
Starters Tortipouss
76%
Régions des jeux principaux Unys
76%
Régions des jeux principaux Alola
74%
Forces de la Nature/Pokémon génies Boréas
74%
Starters Brindibou
74%
Starters Feunnec
74%
Forces de la Nature/Pokémon génies Fulguris
74%
Balls apparues dans les jeux principaux Honor Ball
74%
Lames de la Justice Keldeo
74%
Starters Moustillon
74%
Pokémon Gardiens/Golems Regigigas
74%
Pokémon Gardiens/Golems Regirock
74%
Régions des jeux principaux Sinnoh
74%
Teams des jeux principaux Team Flare
74%
Starters Vipélierre
74%
Forces de la Nature/Pokémon génies Démétéros
71%
Formes de Deoxys Forme Vitesse
71%
Régions des jeux principaux Galar
71%
Types de Pokémon Glace
71%
Starters Grenousse
71%
Régions des jeux principaux Hoenn
71%
Régions des jeux principaux Kalos
71%
Régions des jeux principaux Paldea
71%
Pierres d'évolution dans les jeux principaux Pierre Eau
71%
Pierres d'évolution dans les jeux principaux Pierre Feu
71%
Pierres d'évolution dans les jeux principaux Pierre Plante
71%
Balls apparues dans les jeux principaux Rapide Ball
71%
Capacités ayant été des CS Surf
71%
Teams des jeux principaux Team Aqua
71%
Teams des jeux principaux Team Magma
71%
Teams des jeux principaux Team Plasma
71%
Types de Pokémon Acier
69%
Capacités ayant été des CS Cascade
69%
Maîtres de la Ligue (en dehors du Rival et du personnage principal) Cynthia
69%
Starters Flamiaou
69%
Capacités ayant été des CS Force
69%
Formes de Deoxys Forme Attaque
69%
Formes de Deoxys Forme Défense
69%
Pokémon ancestraux/Trio météo Groudon
69%
Maîtres de la Ligue (en dehors du Rival et du personnage principal) | Membres du Pokégroupe dans l'anime Pokémon Iris
69%
Pokémon ancestraux/Trio météo Kyogre
69%
Trio astral/Trio de la Lumière Lunala
69%
Starters Marisson
69%
Starters Otaquin
69%
Pokémon ancestraux/Trio météo Rayquaza
69%
Trio astral/Trio de la Lumière Solgaleo
69%
Teams des jeux principaux Team Galaxie
69%
Pokémon des Mythes/Trio de la création Dialga
67%
Pokémon des Mythes/Trio de la création Giratina
67%
Pokémon des Mythes/Trio de la création Palkia
67%
Dragons légendaires/Trio du Tao Reshiram
67%
Membres du Pokégroupe dans l'anime Pokémon Sacha
67%
Dragons légendaires/Trio du Tao Zekrom
67%
Capacités ayant été des CS Flash
64%
Dragons légendaires/Trio du Tao Kyurem
64%
Trio astral/Trio de la Lumière Necrozma
64%
Starters Poussacha
64%
Ultra-Chimères Zeroid
64%
Ultra-Chimères Katagami
62%
Starters Larméléon
62%
Balls apparues dans les jeux principaux Masse Ball
62%
Pokémon Gardiens/Golems Regidrago
62%
Pokémon Gardiens/Golems Regieleki
62%
Ultra-Chimères Bamboiselle
60%
Starters Chochodile
60%
Balls apparues dans les jeux principaux Chrono Ball
60%
Maîtres de la Ligue (en dehors du Rival et du personnage principal) Dianthéa
60%
Capacités ayant été des CS Eclate-Roc
60%
Ultra-Chimères Engloutyran
60%
Capacités ayant été des CS Escalade
60%
Starters Ouistempo
60%
Maîtres de la Ligue (en dehors du Rival et du personnage principal) | Membres du Conseil 4 Peter
60%
Pierres d'évolution dans les jeux principaux Pierre Aube
60%
Pierres d'évolution dans les jeux principaux Pierre Foudre
60%
Pierres d'évolution dans les jeux principaux Pierre Nuit
60%
Capacités ayant été des CS Plongée
60%
Balls apparues dans les jeux principaux Scuba Ball
60%
Starters Coiffeton
57%
Starters Flambino
57%
Formes de Deoxys Forme Normale
57%
Ultra-Chimères Mouscoto
57%
Pierres d'évolution dans les jeux principaux Pierre Soleil
57%
Costumes de Pikachu Cosplayeur Pikachu Star
57%
Balls apparues dans les jeux principaux Bis Ball
55%
Ultra-Chimères Cancrelove
55%
Membres du Pokégroupe dans l'anime Pokémon Flora
55%
Maîtres de la Ligue (en dehors du Rival et du personnage principal) Goyah
55%
Balls apparues dans les jeux principaux Luxe Ball
55%
Maîtres de la Ligue (en dehors du Rival et du personnage principal) Pierre Rochard
55%
Teams des jeux principaux Team Skull
55%
Teams des jeux principaux Team Star
55%
Membres du Pokégroupe dans l'anime Pokémon Rachid
52%
Balls apparues dans les jeux principaux Safari Ball
52%
Maîtres de la Ligue (en dehors du Rival et du personnage principal) Tarak
52%
Balls apparues dans les jeux principaux Ultra Ball
52%
Ultra-Chimères Ama-Ama
50%
Ultra-Chimères Câblifère
50%
Pierres d'évolution dans les jeux principaux Pierre Eclat
50%
Pierres d'évolution dans les jeux principaux Pierre Glace
50%
Pierres d'évolution dans les jeux principaux Pierre Lune
50%
Ultra-Chimères Vémini
50%
Membres du Pokégroupe dans l'anime Pokémon Aurore
48%
Ultra-Chimères Pierroteknik
48%
Teams des jeux principaux Team Yell
48%
Forces de la Nature/Pokémon génies Amovénus
45%
Ultra-Chimères Mandrillon
45%
Maîtres de la Ligue (en dehors du Rival et du personnage principal) Marc
45%
Costumes de Pikachu Cosplayeur Pikachu Catcheur
45%
Membres du Pokégroupe dans l'anime Pokémon Serena
45%
Balls apparues dans les jeux principaux Soin Ball
45%
Membres du Pokégroupe dans l'anime Pokémon Clem
43%
Bâtiments de combat Tour de Combat
43%
Membres du Conseil 4 Aldo
40%
Balls apparues dans les jeux principaux Copain Ball
40%
Membres du Pokégroupe dans l'anime Pokémon Lem
40%
Membres du Pokégroupe dans l'anime Pokémon Max
40%
Bâtiments de combat Usine de Combat
40%
Capitaines d'Epreuve à Alola | Membres du Pokégroupe dans l'anime Pokémon Barbara
38%
Jeux Pokémon Donjon Mystère (sortis partout dans le monde) Explorateurs du Temps
38%
Balls apparues dans les jeux principaux Faiblo Ball
38%
Régions des jeux principaux Hisui
38%
Capitaines d'Epreuve à Alola | Membres du Pokégroupe dans l'anime Pokémon Néphie
38%
Capacités ayant été des CS Siphon
38%
Jeux Pokémon Donjon Mystère (sortis partout dans le monde) Explorateurs du Ciel
36%
Membres du Conseil 4 Koga
36%
Balls apparues dans les jeux principaux Lune Ball
36%
Maîtres de la Ligue (en dehors du Rival et du personnage principal) Professeur Euphorbe
36%
Membres du Conseil 4 Adrien
33%
Membres du Conseil 4 Aragon
33%
Centres commerciaux Centre Commercial de Céladopole
33%
Membres du Conseil 4 Damien
33%
Jeux Pokémon Donjon Mystère (sortis partout dans le monde) Equipe de Secours Rouge
33%
Capitaines d'Epreuve à Alola | Membres du Pokégroupe dans l'anime Pokémon Kiawe
33%
Membres du Conseil 4 Kunz
33%
Membres du Conseil 4 Olga
33%
Membres du Conseil 4 Pectorius
33%
Balls apparues dans les jeux principaux Speed Ball
33%
Membres du Conseil 4 Agatha
31%
Capitaines d'Epreuve à Alola Althéo
31%
Capacités ayant été des CS Anti-Brume
31%
Jeux Pokémon Donjon Mystère (sortis partout dans le monde) Equipe de Secours Bleue
31%
Groupes d'Oeufs Humanoide
31%
Membres du Conseil 4 Malva
31%
Capitaines d'Epreuve à Alola | Membres du Conseil 4 Margie
31%
Capitaines d'Epreuve à Alola Oléa
31%
Plaques Plaque Flamme
31%
Membres du Conseil 4 Spectra
31%
Membres du Conseil 4 Terry
31%
Membres du Conseil 4 Aaron
29%
Maîtres de la Ligue (en dehors du Rival et du personnage principal) Alisma
29%
Membres du Conseil 4 Anis
29%
Balls apparues dans les jeux principaux Appât Ball
29%
Membres du Conseil 4 Clément
29%
Membres du Conseil 4 Dracéna
29%
Membres du Conseil 4 Glacia
29%
Membres du Pokégroupe dans l'anime Pokémon Goh
29%
Balls apparues dans les jeux principaux Niveau Ball
29%
Membres du Conseil 4 Percila
29%
Membres du Conseil 4 Pieris
29%
Plaques Plaque Glace
29%
Plaques Plaque Roc
29%
Plaques Plaque Terre
29%
Bâtiments de combat Pyramide de Combat
29%
Teams des jeux principaux Team Rainbow Rocket
29%
Bâtiments de combat Arbre de Combat
26%
Centres commerciaux Centre Commercial de Doublonville
26%
Centres commerciaux Centre Commercial Voilaroc
26%
Capitaines d'Epreuve à Alola Chrys
26%
Membres du Conseil 4 Narcisse
26%
Balls apparues dans les jeux principaux Rêve Ball
26%
Groupes d'Oeufs Terrestre
26%
Centres commerciaux Centre Commercial Nénucrique
24%
Bâtiments de combat Dojo de Combat
24%
Bâtiments de combat Dôme de Combat
24%
Jeux Pokémon Donjon Mystère (sortis partout dans le monde) Equipe de Secours DX
24%
Jeux Pokémon Donjon Mystère (sortis partout dans le monde) Explorateurs de l'Ombre
24%
Régions des jeux principaux Iles Sevii
24%
Membres du Conseil 4 Lucio
24%
Membres du Conseil 4 Marion
24%
Plaques Plaque Pixie
24%
Plaques Plaque Volt
24%
Bâtiments de combat Reptile de Combat
24%
Membres du Conseil 4 Alyxia
21%
Groupes d'Oeufs Aquatique 1
21%
Groupes d'Oeufs Aquatique 2
21%
Groupes d'Oeufs Aquatique 3
21%
Membres du Pokégroupe dans l'anime Pokémon Lilie
21%
Jeux Pokémon Donjon Mystère (sortis partout dans le monde) Méga Donjon Mystère
21%
Plaques Plaque Fer
21%
Plaques Plaque Hydro
21%
Balls apparues dans les jeux principaux Plume Ball
21%
Membres du Conseil 4 Thyméo
21%
Membres du Pokégroupe dans l'anime Pokémon Chris
19%
Groupes d'Oeufs Inconnu
19%
Balls apparues dans les jeux principaux Mégamasse Ball
19%
Bâtiments de combat Métro de Combat
19%
Bâtiments de combat Palace de Combat
19%
Plaques Plaque Ciel
19%
Plaques Plaque Draco
19%
Plaques Plaque Insecte
19%
Plaques Plaque Poing
19%
Ponts d'Unys Pont Sagiciel
19%
Membres du Pokégroupe dans l'anime Pokémon Jacky
17%
Membres du Conseil 4 Okuba
17%
Costumes de Pikachu Cosplayeur Pikachu Rockeur
17%
Plaques Plaque Fantôme
17%
Ponts d'Unys Pont de l'Inconnu
17%
Membres du Conseil 4 Cayenn
14%
Groupes d'Oeufs Draconique
14%
Balls apparues dans les jeux principaux Gigamasse Ball
14%
Membres du Conseil 4 Kahili
14%
Bateaux de croisière L'Océane
14%
Balls apparues dans les jeux principaux Mémoire Ball
14%
Membres du Conseil 4 Molène
14%
Plaques Plaque Herbe
14%
Ponts d'Unys Pont Yoneuve
14%
Bâtiments de combat Scène de Combat
14%
Bâtiments de combat Arcade de Combat
12%
Bâtiments de combat Castel de Combat
12%
Balls apparues dans les jeux principaux Compét'Ball
12%
Balls apparues dans les jeux principaux Envol Ball
12%
Groupes de la Team Star Groupe Schedar
12%
Maîtres de la Ligue (en dehors du Rival et du personnage principal) Kassis
12%
Jeux Pokémon Donjon Mystère (sortis partout dans le monde) Les portes de l'infini
12%
Bâtiments de combat Maison de Combat
12%
Balls apparues dans les jeux principaux Parc Ball
12%
Plaques Plaque Esprit
12%
Ponts d'Unys Pont du Hameau
12%
Balls apparues dans les jeux principaux Propulse Ball
12%
Groupes d'Oeufs Végétal
12%
Groupes d'Oeufs Amorphe
10%
Groupes d'Oeufs Féérique
10%
Groupes de la Team Star Groupe Ruchbah
10%
Maîtres de la Ligue (en dehors du Rival et du personnage principal) | Membres du Conseil 4 Irido
10%
Bateaux de croisière L'Aquaria
10%
Bateaux de croisière Le Marina
10%
Groupes d'Oeufs Minéral
10%
Balls apparues dans les jeux principaux Origine Ball
10%
Costumes de Pikachu Cosplayeur Pikachu Docteur
10%
Costumes de Pikachu Cosplayeur Pikachu Lady
10%
Plaques Plaque Ombre
10%
Plaques Plaque Renouveau
10%
Ponts d'Unys Pont Ferroviaire
10%
Membres du Conseil 4 Popi
10%
Membres du Conseil 4 Taro
10%
Centres commerciaux Centre Commercial d'Ekaeka
7%
Centres commerciaux Centre Commercial R9
7%
Bâtiments de combat Club des Epreuves
7%
Balls apparues dans les jeux principaux Etrange Ball
7%
Groupes de la Team Star Groupe Segin
7%
Membres du Conseil 4 Hassa
7%
Bateaux de croisière L'Etoile d'Unys
7%
Plaques Plaque Toxicité
7%
Bâtiments de combat Pokémon World Tournament
7%
Bâtiments de combat Tente de Combat
7%
Groupes d'Oeufs Aérien
5%
Bâtiments de combat Dôme Royal
5%
Groupes de la Team Star Groupe Caph
5%
Groupes de la Team Star Groupe Tsih
5%
Groupes d'Oeufs Insectoide
5%
Groupes d'Oeufs Métamorph
5%
Membres du Conseil 4 Nérine
5%
Plaques Plaque Légende
5%
Membres du Conseil 4 Rubépin
5%
Bâtiments de combat Agence de Combat
2%
Bâtiments de combat Atoll de Combat
2%
Groupes d'Oeufs Monstreux
2%
Bâtiments de combat Mont Dresseurs
2%
Bâtiments de combat Tour Dresseurs
2%
Aucun quiz correspondant
Distribution des résultats
% des personnes avec chaque résultat
Percentile par nombre de réponses
Votre historique - résultats
Vous n’avez pas pris ce quiz depuis la dernière actualisation